Länder, die auf U enden - Statistiken

Allgemein
  • Dieses Quiz wurde 558 mal gespielt
  • Das Durchschnittsergebnis liegt bei 5 aus 6
Antwortstatistiken
Antwort % Korrekt
Peru
93%
Palau
86%
Tuvalu
84%
Vanuatu
84%
Nauru
83%
Guinea-Bissau
38%
Keine übereinstimmenden Quizze gefunden
Verteilung der Resultate
Anzahl Personen mit jedem Resultat
Perzentil nach korrekt beantworteten Fragen
Ihre Resultats-Entwicklung
Sie haben dieses Quiz noch nicht gespielt